1480 1613 1684 1165 1330 1853 1849 1723 1629 1905 1061 1482 1968 1040 1935 1628 1475 1926 1483 1029 1722 1949 1592 1818 1048 1873 1517 1716 1365 1208 1593 1715 1076 1227 1733 1373 1138 1024 1994 1952 1564 1152 1180 1565 1625 1846 1610 1286 1201 1246 1770 1388 1943 1639 1255 1979 1415 1900 1999 1141 1238 1842 1548 1535 1640 1683 1401 1318 1484 1279 1548 1559 1389 1558 1924 1011 1687 1010 1980 1984 1326 1029 1738 1071 1305 1962 1609 1817 1979 1385 1074 1064 1248 1996 1621 1849 1645 1675 1226 BCNSPRNW ULIB Ver.6.0+V

เปลี่ยนเป็นภาษาไทย

Change to English
 แสดงรายละเอียดบรรณานุกรม
  กลับหน้าหลัก

Brief Record : Get Marc (ISO 2709) : E-mail record : QR code < ปิดหน้าต่าง
LEADER : 00000nam 2200000uu 4500
001    13399125258
003     ULIB
008    161201s2559||||th 000 0 tha d
060  0 ^aWA546 ป621ก
100 0  ^aผู้ช่วยรองศาสตราจารย์ ดร.ปิยะธิดา นาคะเกษียร
110 1  ^aสำนักงานสนับสนุนการพัฒนาระบบสุขภาพ^bสำนักงานกองทุนสนับสนุนการสร้างเสริมสุขภาพ
245 00 ^aชุดการเรียนรู้ที่ 3 การพัฒนาเครือข่ายการสร้างเสริมสุขภาพ =^bDevelopment of Health Promotion Networking/^cผู้ช่วยรองศาสตราจารย์ ดร.ปิยะธิดา นาคะเกษียร
250    ^aพิมพ์ครั้งที่ 1
260    ^aนนทบุรี:^bบริษัท มาตา การพิมพ์ จำกัด,^c2559
300    ^a62 หน้า:^bตาราง;^c29ซม.
650  0 ^aการเรียนรู้^bเสริมสุขภาพ
700 0  ^aการพยาบาล^bพัฒนาเครือข่าย
710 1  ^aสำนักสนับสนุนการพัฒนาระบบสุขภาพ^bสำนักงานกองทุนสนับสนุนการสร้างเสริมสุขภาพ
945    ^p0^l0^i001568
999    ^aวรรณษา ชูชัยมงคล
รายการนี้ยังไม่มีแท็ก
คุณยังไม่ได้ล็อกอิน คุณสามารถมีกิจกรรมร่วมกับเว็บไซต์ได้ แต่ต้องล็อกอินก่อน ::
  ล็อกอิน

รายการสื่อสารสนเทศ

ลำดับที่ ประเภท เลขเรียก/บาร์โค้ด สถานที่ สถานะ
1. Book การพยาบาล
Book การพยาบาล
สถานะ=หนังสือเก่า
WA546 ป621ก ฉ.1 
  Barcode: 001568
ห้องสมุดวิทยาเขตสวรรค์ประชารักษ์
►ส่วนจัดเก็บหนังสือเก่า สปร
บนชั้น
  ขอยืม

BibComment


ยังไม่เคยถูกคอมเมนท์

คอมเมนท์ทรัพยากรรายการนี้
  คอมเมนท์: ชุดการเรียนรู้ที..


 Copyright 2026. Bcnsprnw @Library